| 000 | 01194nam a2200349 c 4500 | ||
|---|---|---|---|
| 999 |
_c381106 _d381106 |
||
| 003 | BLK | ||
| 005 | 20200811092058.0 | ||
| 008 | 200311b bul|||||r ||||||| ||bul|| | ||
| 040 | _aBLK | ||
| 041 |
_aBUL _cBUL |
||
| 080 |
_aЗащита от производствени вредности в предприятията - Прах, отровни газове и изпарения, бактерии, шум, вибрации, оптически и електрически въздействия, . _b628.51 _z628.51 |
||
| 100 | 1 |
_aЧернев, Петър _eпърви автор _9426023 |
|
| 139 | _aЧернев, Петър и др. | ||
| 245 | 1 | 0 |
_aВентилация на електродъгови пещи _cПетър Чернев, Стоил Панов. |
| 257 | _aBGR | ||
| 260 |
_aСофия _bПрофиздат _c1968 |
||
| 300 |
_a80 с. _bс ил. _c18 см |
||
| 380 | _a62 | ||
| 490 |
_aБиблиотека Охрана на труда _v62 _9205342 |
||
| 650 | 0 |
_aПещи, електрически _9301321 |
|
| 700 | 1 |
_aПанов, Стоил _eсъавт. _9426024 |
|
| 852 |
_aЦб І 9992 _bЦб |
||
| 856 | 4 |
_qpdf _u |
|
| 856 | 4 |
_qpdf _u |
|
| 942 |
_cKNG _n0 _s1 |
||
| 944 |
_aCR _c2020-08-11 _kНР |
||